Zgadnij połączone flagi - Statystyki

Ogólne statystyki
  • Ten quiz został rozwiązany 36 razy
  • Średni wynik to 9 z 16
Statystyki odpowiedzi
Obrazkowy Hint Odpowiedź % Poprawnych
Jemen Chorwacja
100%
Ukraina Mołdawia
96%
Czechy Indie
93%
Seszele Palau
68%
Niger Argentyna
64%
Madagaskar Chile
64%
Cypr Irak
64%
Estonia Republika Środkowoafrykańska
61%
Uzbekistan Laos
57%
Nikaragua Saint Lucia
54%
Togo Tonga
39%
Antigua i Barbuda Zimbabwe
39%
Gabon Haiti
36%
Somalia Komory
32%
San Marino Salwador
32%
Fidżi Grenada
18%
Nie znaleziono quizów pasujących do podanych kryteriów
Rozkład punktacji
Procent ludzi z każdym wynikiem
Percentyl według liczby udzielonych odpowiedzi
Twoja historia wyników
Nie rozwiązałeś tego quizu